Ground-water resources of the San Luis Valley, Colorado / (Record no. 29256)

MARC details
000 -LEADER
fixed length control field 01241cam a22003131a 4500
001 - CONTROL NUMBER
control field gs 58000191
003 - CONTROL NUMBER IDENTIFIER
control field DLC
005 - DATE AND TIME OF LATEST TRANSACTION
control field 20260227111406.0
008 - FIXED-LENGTH DATA ELEMENTS--GENERAL INFORMATION
fixed length control field 770106s1958 dcuabf b f001 0 eng c
010 ## - LIBRARY OF CONGRESS CONTROL NUMBER
LC control number gs 58000191
035 ## - SYSTEM CONTROL NUMBER
System control number (OCoLC)2663925
040 ## - CATALOGING SOURCE
Original cataloging agency U.S. Geol. Survey. Libr.
Transcribing agency OOxM
Modifying agency DNAL
-- OCoLC
-- DLC
042 ## - AUTHENTICATION CODE
Authentication code premarc
050 00 - LIBRARY OF CONGRESS CALL NUMBER
Classification number TC801
Item number .U2 no. 1379
070 0# - NATIONAL AGRICULTURAL LIBRARY CALL NUMBER
Classification number 407
Item number G29W no.1379
072 #0 - SUBJECT CATEGORY CODE
Subject category code P200
082 ## - DEWEY DECIMAL CLASSIFICATION NUMBER
Classification number 551.49
100 1# - MAIN ENTRY--PERSONAL NAME
Personal name Powell, William J.
Fuller form of name (William James),
Dates associated with a name 1921-
245 10 - TITLE STATEMENT
Title Ground-water resources of the San Luis Valley, Colorado /
Statement of responsibility, etc. by William J. Powell ; With a section on An inflow-outflow study of the area, by Philip B. Mutz.
260 ## - PUBLICATION, DISTRIBUTION, ETC.
Place of publication, distribution, etc. Washington, D.C. :
Name of publisher, distributor, etc. U.S. G.P.O.,
Date of publication, distribution, etc. 1958.
300 ## - PHYSICAL DESCRIPTION
Extent vii, 284 p., [3] leaves of plates :
Other physical details ill., maps ;
Dimensions 24 cm.
440 #0 - SERIES STATEMENT/ADDED ENTRY--TITLE
Title Geological Survey water-supply paper ;
Volume/sequential designation 1379
500 ## - GENERAL NOTE
General note Twelve folded leaves in pocket.
500 ## - GENERAL NOTE
General note "Prepared in cooperation with the Colorado Water Conservation Board and the United States Bureau of Reclamation."
504 ## - BIBLIOGRAPHY, ETC. NOTE
Bibliography, etc. note Bibliography: p. 280-282.
500 ## - GENERAL NOTE
General note Includes index.
650 #0 - SUBJECT ADDED ENTRY--TOPICAL TERM
Topical term or geographic name entry element Water-supply
Geographic subdivision San Luis Valley (Colo. and N.M.)
650 #0 - SUBJECT ADDED ENTRY--TOPICAL TERM
Topical term or geographic name entry element Groundwater
Geographic subdivision San Luis Valley (Colo. and N.M.)

No items available.

Powered by Koha